000 00266 a2200133 4500
000 nam a22 7a 4500
100 _aarther
110 _aarther
245 _aHuman-Computer Interface
250 _alatest
260 _c2026
264 _c2026
942 _cBK
999 _c394843
_d394843